| 000 | 00455nam a2200157 4500 | ||
|---|---|---|---|
| 001 | 115821 | ||
| 003 | ES-MaACL | ||
| 005 | 20230906190552.0 | ||
| 007 | t| | ||
| 008 | 061121s1923 fr r ||||1| fre d | ||
| 100 | 1 |
_aNâg, Kâlidâs. _984835 |
|
| 245 | 1 | 4 |
_aLes théories diplomatiques de l'Inde ancienne et l'arthacáastra / _cpar Kâlidâs Mâg. |
| 260 |
_aParís : _bJouve et Cie, _c1923. |
||
| 300 |
_a143 p. ; _c25 cm. |
||
| 852 |
_aES-MaACL _jF-6729 |
||
| 999 |
_c115821 _d115821 |
||